| 000 | 00533nam a22001577a 4500 | ||
|---|---|---|---|
| 003 | NUST | ||
| 038 | _aNusrat Nadeem | ||
| 082 | _a200 | ||
| 100 |
_aAli, Muhammad Umais _9130419 |
||
| 245 |
_aNational Action Plan as a Tool for State’s Agency over Religious Violence/ _cMuhammad Umais Ali |
||
| 264 |
_aIslamabad; _bS3H NUST. _c2025. |
||
| 650 |
_aMS- Government and Public Policy _9125323 |
||
| 700 |
_aSupervisor: Dr. Sanaullah Khan _9127930 |
||
| 856 | _u http://10.250.8.41:8080/xmlui/handle/123456789/54273 | ||
| 942 |
_2ddc _cSC |
||
| 999 |
_c614574 _d614574 |
||